|
|
|
|
| LEADER |
00683nta a2200169 i 4500 |
| 001 |
dipl52993 |
| 005 |
20150928103658.0 |
| 008 |
150928s2014 hu om 0|| zxx d |
| 040 |
|
|
|a SZTE Diploma Repozitórium
|b hun
|
| 041 |
|
|
|a zxx
|
| 100 |
1 |
|
|a Pállai Zoltán
|
| 245 |
1 |
0 |
|a SnO2/MWCNT nanokompozitok előállítása golyósmalomban
|h [elektronikus dokumentum] /
|c Zoltán Pállai
|
| 246 |
1 |
0 |
|a Preparing SnO2/MWCNT nanocomposites with a ball mill
|h [elektronikus dokumentum]
|
| 260 |
|
|
|c 2014
|
| 650 |
|
4 |
|a Természettudományok
|
| 700 |
1 |
|
|a Hernádi Klára Éva
|e ths
|
| 856 |
4 |
0 |
|u http://diploma.bibl.u-szeged.hu/id/eprint/52993/1/2013_P%C3%A1llai_Zolt%C3%A1n_PAZRAAT_SZE_SZ.pdf
|z Dokumentum-elérés
|